Catálogo público

Bibliografía sobre desarrollo económico de los países subdesarrollados ; América Latina y México (1940-55) (Record no. 25711)

MARC details
000 -CABECERA
campo de control de longitud fija 01322nam a22003497a 4500
003 - IDENTIFICADOR DEL NÚMERO DE CONTROL
campo de control CHAP
005 - FECHA Y HORA DE LA ÚLTIMA TRANSACCIÓN
campo de control 20220329134756.0
008 - DATOS DE LONGITUD FIJA--INFORMACIÓN GENERAL
campo de control de longitud fija 971013s1957 mx r 00010 spa d
010 ## - NÚMERO DE CONTROL DE LA BIBLIOTECA DEL CONGRESO
Número de control de LC 25711
011 ## - ENLACE DEL NUMERO DE CONTROL DE LA BIBLIOTECA DEL CONGRESO [OBSOLETO]
Número de control de LC 26683
035 ## - NÚMERO DE CONTROL DEL SISTEMA
Número de control de sistema 30784
040 ## - FUENTE DE LA CATALOGACIÓN
Centro/agencia transcriptor CHAP
082 04 - NÚMERO DE LA CLASIFICACIÓN DECIMAL DEWEY
Número de clasificación 338.98016
Número de documento/Ítem B85
100 00 - ENTRADA PRINCIPAL--NOMBRE DE PERSONA
Nombre de persona Bullejos, José.
9 (RLIN) 16035
245 1# - MENCIÓN DE TÍTULO
Título Bibliografía sobre desarrollo económico de los países subdesarrollados ; América Latina y México (1940-55)
260 ## - PUBLICACIÓN, DISTRIBUCIÓN, ETC.
Lugar de publicación, distribución, etc. México, D. F. :
Nombre del editor, distribuidor, etc. Departamento de Estudios Económicos,
Fecha de publicación, distribución, etc. 1957
300 ## - DESCRIPCIÓN FÍSICA
Extensión 59 p.
490 ## - MENCIÓN DE SERIE
Mención de serie Bibliografías especiales
Designación de volumen o secuencia ; 2
590 ## - NOTA LOCAL (RLIN)
Nota local BATCH-UPD
Procedencia (VM) [OBSOLETO] 10
Condición del los carretes individuales (VM) [OBSOLETO] 20130110
-- UCH01
-- 2140
590 ## - NOTA LOCAL (RLIN)
Nota local BATCH-UPD
Procedencia (VM) [OBSOLETO] 10
Condición del los carretes individuales (VM) [OBSOLETO] 20130410
-- UCH01
-- 1449
590 ## - NOTA LOCAL (RLIN)
Nota local BATCH-UPD
Procedencia (VM) [OBSOLETO] 10
Condición del los carretes individuales (VM) [OBSOLETO] 20130914
-- UCH01
-- 0615
590 ## - NOTA LOCAL (RLIN)
Nota local BATCH-UPD
Procedencia (VM) [OBSOLETO] 10
Condición del los carretes individuales (VM) [OBSOLETO] 20130914
-- UCH01
-- 2115
590 ## - NOTA LOCAL (RLIN)
Nota local CONVERSION
Procedencia (VM) [OBSOLETO] 10
Condición del los carretes individuales (VM) [OBSOLETO] 20130109
-- UCH01
-- 1315
650 14 - PUNTO DE ACCESO ADICIONAL DE MATERIA--TÉRMINO DE MATERIA
Término de materia o nombre geográfico como elemento de entrada America Latina
Subdivisión general Condiciones economicos
-- Bibliografia.
9 (RLIN) 5392
650 14 - PUNTO DE ACCESO ADICIONAL DE MATERIA--TÉRMINO DE MATERIA
Término de materia o nombre geográfico como elemento de entrada Desarrollo económico
Subdivisión general Bibliografía.
9 (RLIN) 32050
650 14 - PUNTO DE ACCESO ADICIONAL DE MATERIA--TÉRMINO DE MATERIA
Término de materia o nombre geográfico como elemento de entrada México
Subdivisión general Condiciones económicas
-- Bibliografía.
9 (RLIN) 76724
830 0# - PUNTO DE ACCESO ADICIONAL DE SERIE-TÍTULO UNIFORME
Título uniforme Bibliografías especiales
Designación de volumen o secuencia ; 2
9 (RLIN) 12208
901 ## - ELEMENTOS DE DATOS A LOCAL LDA (RLIN)
a BK
942 ## - ELEMENTOS DE PUNTO DE ACCESO ADICIONAL (KOHA)
Tipo de ítem Koha Libro
949 ## - PROCESAMIENTO DE INFORMACIÓN LOCAL (OCLC)
a 338.98016 B85
b BC
c LIBRO
d 33724000482345
e LIBRO
f c.2
h 8921
i 30784
s i
949 ## - PROCESAMIENTO DE INFORMACIÓN LOCAL (OCLC)
a 338.98016 B85
b BC
c LIBRO
d 33724000482394
e LIBRO
h 8921
i 30784
s i
Holdings
Estado de retiro Estado de pérdida Fuente del sistema de clasificación o colocación Estado dañado Restricciones de uso No para préstamo Código de colección Localización permanente Ubicación/localización actual Ubicación en estantería Fecha de adquisición Información codificada de la localización en otra ubicación Total de préstamos Signatura topográfica completa Código de barras Fecha visto por última vez Número de copia Precio válido a partir de Tipo de ítem Koha
    Dewey Decimal Classification   Préstamo 15 días   General Biblioteca Central Biblioteca Central Planta alta - Colección General 31/12/2019 LIBRO   338.98016 B85 33724000482345 31/12/2019 c.2 31/12/2019 Libro
    Dewey Decimal Classification   Préstamo 15 días   General Biblioteca Central Biblioteca Central Planta alta - Colección General 31/12/2019 LIBRO   338.98016 B85 33724000482394 31/12/2019   31/12/2019 Libro